000 00979nam a2200229 a 4500
001 47674
003 BD-RjUL
005 20211209054351.0
008 160810s1997 bg ||||| |||| 00| 0 ben d
020 _c: Tk. 100.00
035 _a(BD-RjUL)47793
040 _aBD-RjUL
_bben
_cBD-RjUL
_dBD-RjUL
041 _aben
082 _223
_a621.3692
_bHOF
100 1 _aহোসেন, মোঃ দেলাওয়ার
_9144852
245 1 0 _aফাইবার আলোক যোগাযোগ পরিচিতি /
_cমোঃ দেলাওয়ার হোসেন
260 _aবাংলাদেশ :
_bরাজশাহী বিশ্ববিদ্যালয় পাঠ্যপুস্তক প্রকাশনা বোর্ড,
_c১৯৯৭.
300 _a[১৮], ২৬৯ পৃ. :
_bচিত্র ;
_c২১ সেমি.
650 _aফাইবার অপটিকস
_9144853
650 _aFiber optics
_9117146
942 _2ddc
_cBK
999 _c47674
_d47674